00508 2200193 4500001002100000005001500021035002000036245006000056100002000116250001200136300003700148260004200185082001100227084001700238020001800255650001100273990001500284990001500299INLIS00000000003834220250715011806 a0010-07250003051 aEnsiklopedia Profesi Impianku Dokter /cAnna Claybourne0 aAnna Claybourne aPertama a63 Halaman :bIlustrasi ;c23 cm aJakarta :bBhuana Ilmu Pupoler,c2024 a610.92 a610.92 ANN e a9786230419171 4aDokter a38295/P-25 a38295/P-25